Music Quiz

Random Music or Song Quiz
Score 0/97 Timer 10:00
5 Plays Today
% Correct
B - Song - She Loves You Album - Sgt. Pepper's Lonely Hearts Club Band
100%
N - Song - Come As You Are
Album - In Utero
94.8%
DD - Song - The Reflex
Album - Rio
94.8%
DD - Song - The Reflex
Album - Rio
94.8%
Beatles
94.8%
Beatles
94.8%
HL - Song - Don't You Want Me
Album - Dare
92%
HL - Song - Don't You Want Me
Album - Dare
92%
U - Song - Desire
Album - Rattle and Hum
91%
Nirvana
91%
Nirvana
91%
P - Song - Roxanne
Album - Synchronicity
89%
KP - Song - Firework
Album - Prism
88.4%
KP - Song - Firework
Album - Prism
88.4%
U2
88.4%
U2
88.4%
TS - Song - I Knew You Were Trouble
Album - Speak Now
88.1%
TS - Song - I Knew You Were Trouble
Album - Speak Now
88.1%
GD - Song - Boulevard of Broken Dreams
Album - Dookie
87.6%
GD - Song - Boulevard of Broken Dreams
Album - Dookie
87.6%
O - Song - Wonderwall
Album - Definitely Maybe
87%
Q - Song - Bohemian Rhapsody
Album - News of the World
87%
Queen
86.9%
Queen
86.9%
WS - Song - Seven Nation Army
Album - Icky Thump
86.9%
WS - Song - Seven Nation Army
Album - Icky Thump
86.9%
Duran Duran
86.9%
Duran Duran
86.9%
Police
86.8%
Police
86.8%
SG - Song - Wannabe
Album - Forever
86.4%
SG - Song - Wannabe
Album - Forever
86.4%
Katy Perry
86.2%
% Correct
Katy Perry
86.2%
CD - Song - Because You Loved Me
Album - Let's Talk About Love
85.9%
CD - Song - Because You Loved Me
Album - Let's Talk About Love
85.9%
LP - Song - In the End
Album - Meteora
85.6%
LP - Song - In the End
Album - Meteora
85.6%
Oasis
85.6%
Oasis
85.6%
R - Song - Creep
Album - Kid A
85.1%
C - Song - Speed of Sound
Album - Mylo Xyloto
85%
Taylor Swift
85%
Taylor Swift
85%
Green Day
85%
Green Day
85%
Human League
84.9%
Human League
84.9%
BM - Song - Grenade
Album - Unorthodox Jukebox
84.7%
BM - Song - Grenade
Album - Unorthodox Jukebox
84.7%
White Stripes
84.7%
White Stripes
84.7%
FM - Song - Dreams
Album - Rumours
84.2%
FM - Song - Dreams
Album - Rumours
84.2%
E - Song - Lose Yourself
Album - The Slim Shady LP
84.2%
LG - Song - Bad Romance
Album - Artpop
83.9%
LG - Song - Bad Romance
Album - Artpop
83.9%
S - Song - She Wolf
Album - Laundry Service
83.9%
Eminem
83.9%
Eminem
83.9%
Celine Dion
83.9%
Celine Dion
83.9%
Spice Girls
83.7%
Spice Girls
83.7%
Radiohead
83.6%
Radiohead
83.6%
% Correct
BS - Song - Oops!... I Did It Again
Album - In the Zone
83.5%
BS - Song - Oops!... I Did It Again
Album - In the Zone
83.5%
Bruno Mars
83.3%
Bruno Mars
83.3%
Linkin Park
83.3%
Linkin Park
83.3%
Fleetwood Mac
83.2%
Fleetwood Mac
83.2%
Coldplay
83.2%
Coldplay
83.2%
Lady Gaga
83.1%
Lady Gaga
83.1%
Shakira
83%
Shakira
83%
Britney Spears
82.7%
Britney Spears
82.7%
Britney Spears
82.7%
Britney Spears
82.7%
Britney Spears
82.7%
Britney Spears
82.7%
Britney Spears
82.7%
Britney Spears
82.7%
Britney Spears
82.7%
Britney Spears
82.7%
Britney Spears
82.7%
Britney Spears
82.7%
Britney Spears
82.7%
Britney Spears
82.7%
Britney Spears
82.7%
Britney Spears
82.7%
Britney Spears
82.7%
Remove Ads.
Support Sporcle.
Get the best of Sporcle when you Go Orange. This ad-free experience offers more features, more stats, and more fun while also helping to support Sporcle. Thank you for becoming a member.

You're not logged in!

Compare scores with friends on all Sporcle quizzes.
OR
Log In

Show Comments

Extras

Top Quizzes Today


Score Distribution

Your Account Isn't Verified!

In order to create a playlist on Sporcle, you need to verify the email address you used during registration. Go to your Sporcle Settings to finish the process.

Report this User

Report this user for behavior that violates our Community Guidelines.

Details: